Six tours in the vicinity of Aleppo /
محفوظ في:
المؤلف الرئيسي:
مؤلفون آخرون:
التنسيق: كتاب
اللغة:
English
French
منشور في:
[Aleppo, Syria?] :
[Georges Salem],
1957.
الطبعة: English ed.
الموضوعات:
الوسوم: إضافة وسم
لا توجد وسوم, كن أول من يضع وسما على هذه التسجيلة!
رقم الطلب: DS94 .S2 1957
| LEADER | 00973cam a2200289 a 4500 | ||
|---|---|---|---|
| 001 | ocm37632664 | ||
| 003 | OSt | ||
| 005 | 20241020121037.0 | ||
| 008 | 970917s1957 sy ab b 001 0 eng d | ||
| 999 | |c 55563 |d 55563 | ||
| 040 | |c ARCE Library | ||
| 041 | 1 | |a eng |h fre | |
| 043 | |a a-sy--- | ||
| 050 | 4 | |a DS94 .S2 1957 | |
| 100 | 1 | |a Saouaf, Soubhi. | |
| 245 | 1 | 0 | |a Six tours in the vicinity of Aleppo / |c Soubhi Saouaf ; English edition by George F. Miller. |
| 246 | 3 | |a Visitors' guide, Aleppo 1957. | |
| 246 | 3 | |a Six tours in the vicinity of Aleppo ; visitors' guide. | |
| 250 | |a English ed. | ||
| 264 | 1 | |a [Aleppo, Syria?] : |b [Georges Salem], |c 1957. | |
| 300 | |a xii, 164 pages : |b illustrations, folded map ; |c 20 cm. | ||
| 500 | |a "Published under the auspices of the Touring Club of Syria."--Cover | ||
| 504 | |a Includes bibliographical references (page 157) and index. | ||
| 651 | 0 | |a Syria |v Tours. | |
| 700 | 1 | |a Miller, George F. | |
| 901 | |a reviewed | ||
| 942 | |2 lcc |c BK | ||
